zpět

Detail výsledku týmu

Pizza-Doma ST, Plzeň

Datum a čas kvízu

16.5 Celkem bodů Celkový počet nahraných bodů na tomto kvízu bez doplňovacích otázek.
7. Pořadí na kvízu Konečné umístění týmu na tomto kvízu.

Zaznamenané odpovědi

# Otázka Odpověď Body Výsledky
1. Ministerstvo obrany minulý týd... Leopard 0
2. Když se jeden manželský pár vr... A) koala 1
3. 70letá herečka Pamela Hayden,... Milhouse (Van Houten) 0
4. Minulý týden jsme se dozvěděli... D) aby zemřel 1
5. Ve španělské Malaze se konalo... Itálie 1
6. Začneme ve Sluneční soustavě.... Uran 0
7. I druhá otázka se bude týkat S... D 0
8. Třetí otázka se bude týkat sou... Štír (uznáváme i odpověď Škorpion) 0
9. Nyní se podíváme na velmi vzdá... Koňská hlava 0
10. V poslední otázce se podíváme... D) pulsar 1